000 00416nam a2200169Ia 4500
008 090711s9999 xx 000 0 und d
082 _b48386
100 _aनिसळ शांता
245 _aबंधन
260 _c1984
300 _a173
600 _aनिसळ शांता
630 _aबंधन
700 _aनिसळ शांता
730 _aबंधन
942 _cBOOK
999 _c299966
_d299966